Organization development : (Record no. 209470)

MARC details
000 -LEADER
fixed length control field 01071nam a22002657a 4500
005 - DATE AND TIME OF LATEST TRANSACTION
control field 20250904115512.0
010 ## - LCCN (DPL NO)
LC control number B-770118-131 BACEN25 ENG-146728
020 ## - INTERNATIONAL STANDARD BOOK NUMBER
International Standard Book Number 9788126940752
Terms of availability 995.00
035 ## - SYSTEM CONTROL NUMBER
System control number B-770118-131
035 ## - SYSTEM CONTROL NUMBER
System control number EN-130260
037 ## - SOURCE OF ACQUISITION
Source of stock number/acquisition Atlantic publishers
037 ## - SOURCE OF ACQUISITION
Source of stock number/acquisition DBAD
Stock number DPL
082 00 - DEWEY DECIMAL CLASSIFICATION NUMBER
Classification number 658.406
Edition number 21
100 ## - MAIN ENTRY--PERSONAL NAME
Personal name Ramnarayan.S
245 00 - TITLE STATEMENT
Title Organization development :
Remainder of title acclerating learning and transformation /
Statement of responsibility, etc by S. Ramnarayan [and] T.V. Rao
250 ## - EDITION STATEMENT
Edition statement 3rd edi
260 ## - PUBLICATION, DISTRIBUTION, ETC. (IMPRINT)
Place of publication, distribution, etc New Delhi
Name of publisher, distributor, etc Atlantic publishers
Date of publication, distribution, etc 2024
270 ## - ADDRESS
Address 7/22, Ansari road,Daryaganj
City New Delhi
Postal code 110002
300 ## - PHYSICAL DESCRIPTION
Extent xix,488p.
Dimensions 27cm(pbk)
500 ## - GENERAL NOTE
General note Includes bibliographical references and index.
650 #0 - SUBJECT ADDED ENTRY--TOPICAL TERM
Topical term or geographic name as entry element Organizational change.
700 2# - ADDED ENTRY--PERSONAL NAME
Personal name Venkateswara Rao, T.
9 (RLIN) 37362
942 ## - ADDED ENTRY ELEMENTS (KOHA)
Source of classification or shelving scheme Dewey Decimal Classification
Item type English Books
Classification part 658.406
Call number suffix RAM
Holdings
Withdrawn status Lost status Not for loan Collection code Home library Current library Date acquired Source of acquisition Cost, normal purchase price Full call number Barcode Copy number Cost, replacement price Koha item type
      Non-fiction Ashok Vihar Ashok Vihar 29/04/2025 Atlantic publishers/CUST103131/19.3.25/7/15.3.25/26.3.25 995.00 658.406 RAM B-770122 1 995.00 English Books
      Non-fiction Bagh Kadhe Khan Bagh Kadhe Khan 29/04/2025 Atlantic publishers/CUST103131/19.3.25/7/15.3.25/26.3.25 995.00 658.406 RAM B-770128 1 995.00 English Books
      Non-fiction Bawana Bawana 29/04/2025 Atlantic publishers/CUST103131/19.3.25/7/15.3.25/26.3.25 995.00 658.406 RAM B-770130 1 995.00 English Books
      Non-fiction Central Library Central Library 29/04/2025 Atlantic publishers/CUST103131/19.3.25/7/15.3.25/26.3.25 995.00 658.406 RAM B-770118 1 995.00 English Books
      Non-fiction Janak Puri Janak Puri 29/04/2025 Atlantic publishers/CUST103131/19.3.25/7/15.3.25/26.3.25 995.00 658.406 RAM B-770124 1 995.00 English Books
      Non-fiction Mobile Library Mobile Library 29/04/2025 Atlantic publishers/CUST103131/19.3.25/7/15.3.25/26.3.25 995.00 658.406 RAM B-770119 2 995.00 English Books
      Non-fiction Mobile Library Mobile Library 29/04/2025 Atlantic publishers/CUST103131/19.3.25/7/15.3.25/26.3.25 995.00 658.406 RAM B-770120 2 995.00 English Books
      Non-fiction Mobile Library Mobile Library 04/09/2025 Delivery of Books Act Division 995.00 658.406 RAM EN-130260 1 995.00 English Books
      Non-fiction Narela Narela 29/04/2025 Atlantic publishers/CUST103131/19.3.25/7/15.3.25/26.3.25 995.00 658.406 RAM B-770129 1 995.00 English Books
      Non-fiction New Police Line New Police Line 29/04/2025 Atlantic publishers/CUST103131/19.3.25/7/15.3.25/26.3.25 995.00 658.406 RAM B-770121 1 995.00 English Books
      Non-fiction New Rohtak Road New Rohtak Road 29/04/2025 Atlantic publishers/CUST103131/19.3.25/7/15.3.25/26.3.25 995.00 658.406 RAM B-770127 1 995.00 English Books
      Non-fiction Patel Nagar Patel Nagar 29/04/2025 Atlantic publishers/CUST103131/19.3.25/7/15.3.25/26.3.25 995.00 658.406 RAM B-770123 1 995.00 English Books
      Non-fiction Sarojini Nagar Sarojini Nagar 29/04/2025 Atlantic publishers/CUST103131/19.3.25/7/15.3.25/26.3.25 995.00 658.406 RAM B-770125 1 995.00 English Books
      Non-fiction Shahdara Branch Shahdara Branch 29/04/2025 Atlantic publishers/CUST103131/19.3.25/7/15.3.25/26.3.25 995.00 658.406 RAM B-770131 1 995.00 English Books
      Non-fiction Vinoba Puri Vinoba Puri 29/04/2025 Atlantic publishers/CUST103131/19.3.25/7/15.3.25/26.3.25 995.00 658.406 RAM B-770126 1 995.00 English Books

© Delhi Public Library
Hit Counter
free hit counter